|
|
|
|
| LEADER |
00796nam a22002057a 4500 |
| 082 |
|
|
|a 808.86
|b VIV/P M6
|
| 100 |
|
|
|a വിന്സെന്റ് വാന്ഗോഗ്;
|9 321631
|
| 100 |
|
|
|a Vivcent Vangogh
|9 321632
|
| 240 |
|
|
|a Dear Theo
|
| 245 |
|
|
|a പ്രിയപ്പെട്ട തിയൊ
|
| 250 |
|
|
|a 1st
|
| 260 |
|
|
|b Malbery;
|c 1986
|
| 300 |
|
|
|a 150p.
|
| 650 |
|
|
|a മലയാളം; കത്തുകള്
|9 321633
|
| 650 |
|
|
|a Malayalam;Letters
|9 321634
|
| 700 |
|
|
|a ബാലസുന്ദരം (വിവ.)
|9 321635
|
| 700 |
|
|
|a Balasundaram (Tr.)
|9 321636
|
| 942 |
|
|
|c BK
|
| 999 |
|
|
|c 44960
|d 44960
|
| 952 |
|
|
|0 0
|1 0
|4 0
|6 808_860000000000000_VIV_P_M6
|7 0
|8 Letters
|9 52133
|a MAL
|b MAL
|d 2015-11-16
|e 34331
|g 20.00
|l 0
|o 808.86 VIV/P M6
|p MAL034331
|r 2015-11-16
|t 1
|w 2015-11-16
|y BK
|